Catálogo
 En Linea

República Dominicana en cifras 1983. (Registro nro. 29115)

Detalles MARC
000 -CABECERA
campo de control de longitud fija 00614nam a2200169 a 4500
001 - NÚMERO DE CONTROL
campo de control 000029623
005 - FECHA Y HORA DE LA ÚLTIMA TRANSACCIÓN
campo de control 20200930055702.0
008 - DATOS DE LONGITUD FIJA--INFORMACIÓN GENERAL
campo de control de longitud fija 110419s1983 000 spa d
040 ## - FUENTE DE LA CATALOGACIÓN
Centro catalogador/agencia de origen DO-SdBNP
Lengua de catalogación spa
Centro/agencia transcriptor BNPHU
082 ## - NÚMERO DE LA CLASIFICACIÓN DECIMAL DEWEY
Número de clasificación xxxx
Número de documento/Ítem R426
049 ## - FONDOS LOCALES (OCLC)
Fondos de biblioteca BNPD
110 1# - ENTRADA PRINCIPAL--NOMBRE DE ENTIDAD CORPORATIVA
Nombre de entidad corporativa o nombre de jurisdicción como elemento de entrada República Dominicana .
Unidad subordinada Secretariado Técnico de la Presidencia
-- Oficina Nacional de Estadística
9 (RLIN) 10866
245 10 - MENCIÓN DE TÍTULO
Título República Dominicana en cifras 1983.
260 ## - PUBLICACIÓN, DISTRIBUCIÓN, ETC.
Lugar de publicación, distribución, etc. Santo Domingo :
Nombre del editor, distribuidor, etc. Secretariado Técnico de la Presidencia, Oficina Nacional de Estadística,
Fecha de publicación, distribución, etc. 1983.
300 ## - DESCRIPCIÓN FÍSICA
Extensión v. ;
Dimensiones 19 cm.
500 ## - NOTA GENERAL
Nota general La biblioteca posee el volumen 10
Existencias
Estado de retiro Estado de pérdida Restricciones de uso No para préstamo Código de colección Localización permanente Ubicación/localización actual Ubicación en estantería Fecha de adquisición Número de inventario Total de préstamos Signatura topográfica completa Código de barras Fecha visto por última vez Precio válido a partir de Tipo de ítem Koha
      Excluido de préstamo Monografías: Libros y Folletos Patrimonio Dominicano Patrimonio Dominicano En catalogación 19.04.2011 LF1   xxxx R426 29623-10 25.06.2020 25.06.2020 No se presta

Con tecnología Koha